Correspondencia reservada e inédita del P. Francisco de Rávago, confesor de Fernando VI / (Record no. 114610)

MARC details
000 -LEADER
campo de control de longitud fija 01036nam a2200253 i 4500
001 - NÚMERO DE CONTROL
campo de control 114610
003 - IDENTIFICADOR DE NÚMERO DE CONTROL
campo de control ES-MaACL
005 - FECHA Y HORA DE LA ÚLTIMA TRANSACCIÓN
campo de control 20230906190212.0
007 - CAMPO FIJO DE DESCRIPCIÓN FÍSICA--INFORMACIÓN GENERAL
campo de control de longitud fija t|
008 - DATOS DE LONGITUD FIJA--INFORMACIÓN GENERAL
campo de control de longitud fija 070314q19301936sp ||||1| spa d
100 1# - ENTRADA PRINCIPAL--NOMBRE DE PERSONA
Nombre de persona Rávago, Francisco de.
9 (RLIN) 95569
245 10 - MENCIÓN DEL TÍTULO
Título Correspondencia reservada e inédita del P. Francisco de Rávago, confesor de Fernando VI /
Mención de responsabilidad, etc. publicada con una introducción por Ciriaco Pérez Bustamante... ; estudio preliminar de Carlos Pereyra.
260 ## - PUBLICACIÓN, DISTRIBUCIÓN, ETC.
Lugar de publicación, distribución, etc. Madrid :
Nombre del editor, distribuidor, etc. M. Aguilar,
Fecha de publicación, distribución, etc. [193-?]
300 ## - DESCRIPCIÓN FÍSICA
Extensión 428 p. :
Otras características físicas il. ;
Dimensiones 21 cm.
490 1# - MENCIÓN DE SERIE
Mención de serie Los archivos secretos de la historia
600 14 - PUNTO DE ACCESO ADICIONAL DE MATERIA--NOMBRE DE PERSONA
Nombre de persona Rávago, Francisco de-
Subdivisión de forma Correspondencia.
9 (RLIN) 95570
651 #4 - PUNTO DE ACCESO ADICIONAL DE MATERIA--NOMBRE GEOGRÁFICO
Nombre geográfico España-
Subdivisión general Historia-
Subdivisión cronológica 1746-1759, Fernando VI-
Subdivisión de forma Fuentes.
9 (RLIN) 8239
700 1# - ENTRADA AGREGADA--NOMBRE PERSONAL
Nombre de persona Pérez-Bustamante, Ciriaco,
Fechas asociadas al nombre 1896-1975
9 (RLIN) 90682
700 1# - ENTRADA AGREGADA--NOMBRE PERSONAL
Nombre de persona Pereyra, Carlos,
Fechas asociadas al nombre 1871-1942
9 (RLIN) 90541
830 0# - PUNTO DE ACCESO ADICIONAL DE SERIE-TÍTULO UNIFORME
Título uniforme Los archivos secretos de la historia
9 (RLIN) 176581
852 ## - LOCALIZACIÓN
Ubicación ES-MaACL
Número de control de estantería A-3994
Sublocalización o colección R.15991
852 ## - LOCALIZACIÓN
Ubicación ES-MaACL
Número de control de estantería A-5207
Sublocalización o colección R.18247
Holdings
Estatus retirado Estado de pérdida Estado de daño No para préstamo Biblioteca de origen Biblioteca actual Ubicación en estantería Fecha de adquisición Fuente de adquisición Total de préstamos Signatura topográfica completa Código de barras Visto por última vez Precio de reemplazo Tipo de ítem Koha
        Biblioteca del Ateneo de Madrid Biblioteca del Ateneo de Madrid Sala Pecera Planta 1 17/01/2008     A-5207 1119520 23/02/2023 23/02/2023 Libro impreso
        Biblioteca del Ateneo de Madrid Biblioteca del Ateneo de Madrid Sala Pecera Planta 1 17/01/2008     A-3994 1119519 23/02/2023 23/02/2023 Libro impreso